| 000 | 00362nam a22001457a 4500 | ||
|---|---|---|---|
| 003 | SGT | ||
| 020 | _a9789388267335 | ||
| 082 |
_a340.112 _bMAT |
||
| 100 | _aMATHUR D N | ||
| 245 | _aPROFESSIONAL ETHICS ACCOUNTABILITY FOR LAWYERS AND BENCH BAR RELATIONS | ||
| 250 | _a1 | ||
| 260 |
_aALLAHABAD _bCENTRAL LAW AGENCY _c2019 |
||
| 300 | _a504 | ||
| 942 |
_2ddc _cBK _05 |
||
| 999 |
_c25761 _d25761 |
||